На руїнах минулого (Запис № 388715)

МАРК-запис
000 -Лідер
fixed length control field 01826nam a22002777a 4500
001 - Контрольний номер
control field 102544
003 - Ідентифікатор контрольного номера
control field UA-OsUOA
005 - Дата та час останнього входження (трансакції)
control field 20260402150055.0
007 - Фіксоване поле фізичного опису
fixed length control field ta
008 - Елементи даних фіксованої довжини – загальна інформація
fixed length control field 20130919b un ||-cn |||| 00| 0 ukrfdukr d
040 ## - Джерело каталогізації
Агенція оригінальної каталогізації UA-OsUOA
Мова каталогізації ukr
Агенція, яка здійснювала перезапис UA-OsUOA
Агенція, яка здійснювала модифікацію UA-OsUOA
041 ## - Код мови
Код мови тексту/ звукової доріжки чи окремого заголовка (П) ukr
080 ## - Індекс Універсальної десяткової класифікації
Індекс Універсальної десяткової класифікації (УДК) (НП) 821.161.2
090 ## - Локальний шифр розміщення
Класифікаційний індекс УДК 821.161.2
Авторський знак (НП) С48
100 ## - Основне введення – ім’я особи
Ім’я особи (НП) Слонівський Є.
9 (RLIN) 24849
245 ## - Відомості про назву
Назва (НП) На руїнах минулого
Дані про відповідальність (НП) Євген Слонівський
Решта назви (НП) роман
260 ## - Публікація, розповсюдження і т.п. (Вихідні дані)
Місце публікації, розповсюдження і т.п. (П) Торонто
-- Буенос-Айрес
Ім’я/ наймення видавництва, розповсюджувача і т.п. (П) Перемога
Дата публікації, розповсюдження і т.п. (П) 1956
300 ## - Фізичний опис
Обсяг 296 с.
490 ## - Область серії
Позначення і номер тому / порядкове позначення Т.1
505 ## - Форматована примітка про зміст
Змішана інформація т. 1
520 ## - Резюме і т.п.
Резюме, реферат, анотація, тощо (НП) «На руїнах минулого» — це історичний роман-хроніка Євгена Слонівського, який охоплює події Першої світової війни та українських визвольних змагань.<br/>Автор змальовує життя української інтелігенції та селянства на тлі глобальних катастроф. Твір фокусується на національному пробудженні та боротьбі за державність.<br/>Роман поєднує в собі реалізм, документальну точність та глибокий психологізм героїв, які опинилися в епіцентрі розпаду імперій.<br/>Книга вважається важливим свідченням епохи, оскільки автор сам був учасником багатьох описаних подій.
650 #7 - Додаткове предметне введення – тематичний термін
Тематичний термін чи географічна назва, як елемент введення (НП) 82 Література. Літературознавство
Джерело заголовка чи терміна UDC
9 (RLIN) 15
942 ## - Додаткові елементи входу (Коха)
Тип елемента Koha Книги
Source of classification or shelving scheme Universal Decimal Classification
955 ## - Код типу видання за змістом
Код типу видання за змістом (НП) Літературно-художні видання
Фонди
Стан вилучень Стан втрат Джерело класифікації або схеми стелажів Стан уражень Не для кредиту Постійне місце розташування Поточне розміщення Дата придбання Джерело придбання Вартість, звичайна ціна покупки Інвентарний номер Повний номер виклику Штрих-код Дата останнього перегляду Ціна ефективна від Тип елемента Koha Примітка, призначена для загального доступу Код колекції Усього замовленно Вартість, ціна заміни
    Universal Decimal Classification     АБ - Абонемент НБ АБ - Абонемент НБ 19/09/2013 51/2013 8.00 143474 821.161.2 С48 143474 06/02/2022 19/09/2013 Книги з автографом Є. Слонівського      
    Universal Decimal Classification     АБ - Абонемент НБ АБ - Абонемент НБ 24/03/2026 Акт №14/24.03.2026 25.00 169672 821.161.2 С48 169672 02/04/2026 02/04/2026 Книги З автографом автора Колекція Шевчука Валерія   25.00